[Event "Montcalm 5 2022-23"]
[Site "Quebec CAN"]
[Date "2023.02.16"]
[Round "1"]
[White "Lapierre, Gaetan"]
[Black "Diotte, Jean-Raymond"]
[Result "1-0"]
[WhiteElo "1824"]
[BlackElo "1378"]
[PlyCount "57"]
[EventDate "2023.02.16"]
[EventType "swiss"]
[EventRounds "5"]
[EventCountry "CAN"]

1. e4 g6 2. Nc3 Bg7 3. Bc4 c5 4. Nf3 d6 5. O-O Nf6 6. e5 Ng4 7. exd6 Qxd6 8. h3
Ne5 9. Nxe5 Bxe5 10. d3 O-O 11. Bh6 Bg7 12. Qd2 Be6 13. Bf4 Qd7 14. Bxe6 fxe6
15. Bh6 Nc6 16. Bxg7 Kxg7 17. Rae1 Rf5 18. Re4 Re5 19. Rh4 g5 20. Rg4 h6 21. h4
Qe8 22. hxg5 h5 23. Rh4 Qg6 24. f4 Rf5 25. Ne4 b6 26. g4 hxg4 27. Qh2 Rg8 28.
Rh6 Qe8 29. Rh7+ 1-0

[Event "Montcalm 5 2022-23"]
[Site "Quebec CAN"]
[Date "2023.02.16"]
[Round "1"]
[White "Mercure, Gilbert"]
[Black "Michaud, Jacques"]
[Result "1-0"]
[WhiteElo "1840"]
[BlackElo "1494"]
[PlyCount "37"]
[EventDate "2023.02.16"]
[EventType "swiss"]
[EventRounds "5"]
[EventCountry "CAN"]

1. e4 d5 2. exd5 Qxd5 3. Nc3 Qa5 4. b4 Qe5+ 5. Be2 Bg4 6. d4 Bxe2 7. Ngxe2 Qd6
8. O-O c6 9. Bf4 Qd7 10. d5 cxd5 11. Qxd5 e6 12. Qb3 Nc6 13. Rad1 Qc8 14. Ne4
Nxb4 15. Bd6 Qxc2 16. Qxb4 O-O-O 17. Rc1 Qxc1 18. Rxc1+ Kd7 19. Rc7+ 1-0

[Event "Montcalm 5 2022-23"]
[Site "Quebec CAN"]
[Date "2023.02.16"]
[Round "1"]
[White "Servant, Michel"]
[Black "Berube, Antoine"]
[Result "0-1"]
[WhiteElo "1723"]
[BlackElo "2162"]
[PlyCount "108"]
[EventDate "2023.02.16"]
[EventType "swiss"]
[EventRounds "5"]
[EventCountry "CAN"]

1. c4 e5 2. Nc3 Nc6 3. g3 f5 4. Bg2 Nf6 5. e3 e4 6. Nge2 Ne5 7. O-O d6 8. Nf4
g6 9. d4 exd3 10. Nxd3 Nxd3 11. Qxd3 Bg7 12. Rd1 Nd7 13. Na4 Qe7 14. f4 O-O 15.
Rb1 Nf6 16. Nc3 Rb8 17. b3 Re8 18. Re1 Bd7 19. Bb2 Bc6 20. Nd5 Bxd5 21. Bxd5+
Nxd5 22. Qxd5+ Qf7 23. Bxg7 Qxd5 24. cxd5 Kxg7 25. Rbc1 Rbc8 26. Rc4 Kf7 27.
Kf2 Re7 28. Rec1 Ke8 29. a4 Kd7 30. b4 c6 31. a5 a6 32. R1c2 Re4 33. dxc6+ Rxc6
34. Rxc6 bxc6 35. Rb2 d5 36. Kf3 Rc4 37. h4 Rc3 38. Kf2 h5 39. Ke2 Kd6 40. Kd2
d4 41. exd4 Rxg3 42. Rc2 Rh3 43. Rc5 Rxh4 44. Ke3 Rh3+ 45. Ke2 Rb3 46. Rc4 h4
47. Kf2 Rb2+ 48. Kg1 h3 49. Kh1 Rf2 50. Rc3 Rxf4 51. Rxh3 Rxd4 52. Rh6 Rg4 53.
Kh2 Rg5 54. Kh3 Rh5+ 0-1

[Event "Montcalm 5 2022-23"]
[Site "Quebec CAN"]
[Date "2023.02.23"]
[Round "2"]
[White "Berube, Antoine"]
[Black "Lapierre, Gaetan"]
[Result "1-0"]
[WhiteElo "2162"]
[BlackElo "1824"]
[PlyCount "53"]
[EventDate "2023.02.16"]
[EventType "swiss"]
[EventRounds "5"]
[EventCountry "CAN"]

1. c4 Nf6 2. d4 b6 3. Nc3 Bb7 4. f3 c5 5. d5 d6 6. e4 g6 7. Nh3 Bg7 8. Be2 Bc8
9. Nf2 h5 10. Be3 Na6 11. Qd2 Nc7 12. O-O Bd7 13. a3 h4 14. b4 Nh5 15. bxc5
bxc5 16. Rab1 e5 17. dxe6 Nxe6 18. Nd5 Ng3 19. Rfe1 Nd4 20. Bd1 Nh5 21. Bg5 f6
22. Be3 Ne6 23. f4 f5 24. exf5 gxf5 25. Qd3 Ng3 26. Bd2 O-O 27. hxg3 1-0

[Event "Montcalm 5 2022-23"]
[Site "Quebec CAN"]
[Date "2023.02.23"]
[Round "2"]
[White "Dumont, Eric"]
[Black "Cournoyer, Dominic"]
[Result "1/2-1/2"]
[WhiteElo "1768"]
[BlackElo "1939"]
[PlyCount "65"]
[EventDate "2023.02.16"]
[EventType "swiss"]
[EventRounds "5"]
[EventCountry "CAN"]

1. d4 Nf6 2. Bf4 d5 3. e3 Bf5 4. c4 c6 5. Nc3 e6 6. Qb3 Qc8 7. Nf3 h6 8. h3 Be7
9. Be2 Nbd7 10. O-O O-O 11. Rac1 dxc4 12. Bxc4 Nb6 13. Be2 Nfd5 14. Bg3 Bf6 15.
Nb5 Qd7 16. Nd6 Bh7 17. Nd2 Be7 18. N2c4 Nxc4 19. Nxc4 f6 20. Bf3 Rfc8 21. Na5
b6 22. Nc4 Kh8 23. e4 Nc7 24. Rfd1 Nb5 25. d5 e5 26. dxc6 Qxc6 27. Nxe5 Qxc1
28. Nf7+ Kg8 29. Nxh6+ Kh8 30. Nf7+ Kg8 31. Rxc1 Rxc1+ 32. Kh2 Nd4 33. Nh6+
1/2-1/2

[Event "Montcalm 5 2022-23"]
[Site "Quebec CAN"]
[Date "2023.02.23"]
[Round "2"]
[White "Fecteau, Martin"]
[Black "Gauthier-Andersen, Gabriel"]
[Result "1-0"]
[WhiteElo "1912"]
[BlackElo "1298"]
[PlyCount "77"]
[EventDate "2023.02.16"]
[EventType "swiss"]
[EventRounds "5"]
[EventCountry "CAN"]

1. d4 d5 2. c4 e6 3. Nf3 Nf6 4. Bg5 c5 5. e3 h6 6. Bh4 Be7 7. Nc3 O-O 8. Be2
Nc6 9. O-O b6 10. cxd5 Nxd5 11. Bg3 cxd4 12. exd4 Bf6 13. Ne4 Be7 14. Ne5 Nxe5
15. dxe5 Bb7 16. Bf3 Ba6 17. Be2 Bxe2 18. Qxe2 a6 19. Rfd1 b5 20. a3 Qb6 21.
Nd6 g6 22. h4 h5 23. Rac1 b4 24. a4 b3 25. Rc4 a5 26. Rdc1 Qa6 27. Qf3 Nb4 28.
Qxb3 Rfd8 29. Qf3 Rf8 30. Qe4 Rab8 31. Qd4 Kg7 32. Kh2 Bd8 33. Qd2 Bb6 34. Bf4
Kg8 35. Bh6 Rfd8 36. Qf4 Kh7 37. Bg5 Nd3 38. Qxf7+ Kh8 39. Bf6# 1-0

[Event "Montcalm 5 2022-23"]
[Site "Quebec CAN"]
[Date "2023.02.23"]
[Round "2"]
[White "Laflamme, Simon"]
[Black "Brown, Zachary"]
[Result "1-0"]
[WhiteElo "1869"]
[BlackElo "1499"]
[PlyCount "53"]
[EventDate "2023.02.16"]
[EventType "swiss"]
[EventRounds "5"]
[EventCountry "CAN"]

1. e4 e5 2. Nf3 Nc6 3. Bc4 Bc5 4. c3 d6 5. d4 exd4 6. cxd4 Bb6 7. O-O Bg4 8.
Be3 Nf6 9. Nc3 O-O 10. Qd3 h6 11. a3 Qe7 12. Nd2 Rad8 13. f3 Bh5 14. Rfe1 a6
15. Rac1 Bg6 16. Nd5 Nxd5 17. Bxd5 Qd7 18. Qc3 Rb8 19. Bxc6 bxc6 20. Qxc6 Qe7
21. Nc4 Rfc8 22. b4 Qe8 23. Qxe8+ Rxe8 24. Nxb6 cxb6 25. Bf4 Rb7 26. Bxd6 Rd8
27. e5 1-0

[Event "Montcalm 5 2022-23"]
[Site "Quebec CAN"]
[Date "2023.02.23"]
[Round "2"]
[White "Lescarbeau, Martin"]
[Black "Mercure, Gilbert"]
[Result "1-0"]
[WhiteElo "1749"]
[BlackElo "1840"]
[PlyCount "102"]
[EventDate "2023.02.16"]
[EventType "swiss"]
[EventRounds "5"]
[EventCountry "CAN"]

1. d4 d5 2. e4 dxe4 3. Nc3 e5 4. Be3 Bb4 5. Bb5+ c6 6. Bc4 Ne7 7. Nge2 Bg4 8.
h3 Bxc3+ 9. bxc3 Bh5 10. g4 Bg6 11. dxe5 Qa5 12. Qd6 Nc8 13. Qb4 Qxb4 14. cxb4
O-O 15. h4 h5 16. Nf4 Kh8 17. Bc5 Re8 18. gxh5 Bf5 19. Bxf7 Rxe5 20. O-O-O Nd7
21. Ng6+ Bxg6 22. hxg6 Ncb6 23. Bd6 Rf5 24. h5 Nf6 25. h6 Nbd7 26. hxg7+ Kxg7
27. Bg3 Ne5 28. Be6 Kxg6 29. Bxf5+ Kxf5 30. Bxe5 Kxe5 31. Rhg1 a5 32. Rg5+ Kf4
33. Rxa5 Rb8 34. Rd6 Nd5 35. Raxd5 cxd5 36. Rxd5 b5 37. Kd2 Rb7 38. Rc5 Rb8 39.
Ke2 Rb7 40. c4 bxc4 41. Rxc4 Ra7 42. Rc2 Ra4 43. Rb2 Ke5 44. b5 Kd6 45. b6 Ra8
46. b7 Rb8 47. a4 Kc7 48. a5 e3 49. fxe3 Rh8 50. b8=Q+ Rxb8 51. Rxb8 Kxb8 1-0

[Event "Montcalm 5 2022-23"]
[Site "Quebec CAN"]
[Date "2023.02.23"]
[Round "2"]
[White "Plante, Rejean"]
[Black "Gagnon-Paradis, Ulysse"]
[Result "1/2-1/2"]
[WhiteElo "1916"]
[BlackElo "1617"]
[PlyCount "166"]
[EventDate "2023.02.16"]
[EventType "swiss"]
[EventRounds "5"]
[EventCountry "CAN"]

1. d4 d5 2. Bf4 c5 3. e3 Nc6 4. c3 Bf5 5. Nf3 Qb6 6. Qb3 c4 7. Qxb6 axb6 8.
Nbd2 b5 9. Be2 b4 10. O-O Nf6 11. Ne5 bxc3 12. bxc3 e6 13. g4 Bc2 14. Rfc1 Ba4
15. Rcb1 Ra7 16. Nxc6 Bxc6 17. g5 Nd7 18. e4 Ba3 19. exd5 exd5 20. Bg4 O-O 21.
Nf3 Rfa8 22. Kg2 Bf8 23. Rb2 b5 24. Bd2 Ba3 25. Rbb1 Kf8 26. h4 Bd6 27. Rb2 g6
28. Ne1 Ba3 29. Rbb1 Be7 30. Rb2 Kg7 31. f4 Nb6 32. Nf3 f5 33. Ne5 Be8 34. Bf3
Ba3 35. Rbb1 Bd6 36. Kf2 Rxa2 37. Rxa2 Rxa2 38. Ke3 Ra3 39. Ke2 Kf8 40. Kf2 Ra2
41. Ke1 Ke7 42. Bd1 Ba3 43. Nf3 Nc8 44. Ng1 Nd6 45. Bf3 Ne4 46. Bxe4 fxe4 47.
Ne2 Bd6 48. Nc1 Ra5 49. Ne2 Bd7 50. Bc1 Ra2 51. Bd2 Ba3 52. Nc1 Bxc1 53. Rxc1
Kd6 54. Ke2 Kc6 55. Ke3 Bg4 56. Rg1 Bh5 57. Rb1 Kb6 58. Rb4 Bd1 59. Rb1 Bc2 60.
Rh1 Bd3 61. Rc1 Kc6 62. h5 Kd6 63. f5 gxf5 64. g6 hxg6 65. hxg6 Ke6 66. Rg1 Ra8
67. g7 Rg8 68. Kf4 Kf6 69. Be3 Be2 70. Rg5 Bg4 71. Bd2 Rxg7 72. Rxg7 Kxg7 73.
Ke5 f4 74. Bxf4 Bd7 75. Kxd5 Kf6 76. Kxe4 Ke6 77. d5+ Ke7 78. Ke5 Bg4 79. Bg5+
Kd7 80. Kd4 Be2 81. Kc5 Bf1 82. Bf4 Be2 83. Kxb5 Bf1 1/2-1/2

[Event "Montcalm 5 2022-23"]
[Site "Quebec CAN"]
[Date "2023.02.23"]
[Round "2"]
[White "Sarra-Bournet, Marc"]
[Black "Auger, Bertrand"]
[Result "1/2-1/2"]
[WhiteElo "1831"]
[BlackElo "2036"]
[PlyCount "98"]
[EventDate "2023.02.16"]
[EventType "swiss"]
[EventRounds "5"]
[EventCountry "CAN"]

1. e4 e6 2. d4 d5 3. Nd2 dxe4 4. Nxe4 Bd7 5. Nf3 Bc6 6. Bd3 Nd7 7. O-O Ngf6 8.
Qe2 Bxe4 9. Bxe4 Nxe4 10. Qxe4 c6 11. Bf4 Be7 12. c4 O-O 13. a3 a5 14. Rfe1 a4
15. Rad1 Nf6 16. Qc2 Qc8 17. h3 Re8 18. Be5 Nd7 19. Re3 Nf8 20. Qe2 Ra5 21. d5
Bc5 22. Bc3 Bxe3 23. Bxa5 Bc5 24. d6 b6 25. Bc3 Rd8 26. Qe5 f6 27. Qg3 e5 28.
Bb4 Qe6 29. Bxc5 bxc5 30. Nd2 Qxd6 31. b3 Ne6 32. bxa4 Nf4 33. Qe3 Ra8 34. Qb3
Ne2+ 35. Kf1 Nd4 36. Ne4 Qc7 37. Qa2 Qa5 38. Rb1 f5 39. Nd6 Qc3 40. Qb2 Qd3+
41. Kg1 Ne2+ 42. Kh2 Qxd6 43. Qxe2 e4+ 44. Kg1 Qd3 45. Qxd3 exd3 46. Rd1 Rxa4
47. Rxd3 Rxc4 48. Rd6 Rc1+ 49. Kh2 Ra1 1/2-1/2

[Event "Montcalm 5 2022-23"]
[Site "Quebec CAN"]
[Date "2023.02.23"]
[Round "2"]
[White "Sauve, Richard"]
[Black "Roux, Michel"]
[Result "1-0"]
[WhiteElo "1965"]
[BlackElo "1611"]
[PlyCount "75"]
[EventDate "2023.02.16"]
[EventType "swiss"]
[EventRounds "5"]
[EventCountry "CAN"]

1. d4 g6 2. c4 Bg7 3. Nc3 Nf6 4. e4 d6 5. f3 c6 6. Be3 Na6 7. Qd2 h5 8. O-O-O
Nc7 9. Kb1 a5 10. g3 Rb8 11. Nh3 Bd7 12. Ng5 b5 13. c5 Ne6 14. e5 Nxg5 15. exf6
exf6 16. Bf4 Ne6 17. Bxd6 Rb7 18. d5 cxd5 19. Nxd5 b4 20. Ba6 Ra7 21. Bc4 Qc8
22. Rhe1 Kd8 23. Ne7 Qb7 24. Bd5 Qa6 25. c6 Bc8 26. c7+ Rxc7 27. Bxc7+ Kxe7 28.
Rc1 Kf8 29. Rc6 Qb5 30. Bd6+ Kg8 31. Rxc8+ Kh7 32. Bxe6 fxe6 33. Rxh8+ Bxh8 34.
Bf8 Qf5+ 35. Kc1 g5 36. Qd7+ Kg6 37. Qe8+ Kh7 38. Qf7+ 1-0

[Event "Montcalm 5 2022-23"]
[Site "Quebec CAN"]
[Date "2023.03.02"]
[Round "3"]
[White "Auger, Bertrand"]
[Black "Laflamme, Simon"]
[Result "0-1"]
[WhiteElo "2036"]
[BlackElo "1869"]
[PlyCount "82"]
[EventDate "2023.02.16"]
[EventType "swiss"]
[EventRounds "5"]
[EventCountry "CAN"]

1. Nf3 Nf6 2. g3 c5 3. c4 Nc6 4. Nc3 d5 5. cxd5 Nxd5 6. Bg2 Nc7 7. O-O e5 8. d3
Be7 9. Be3 O-O 10. Na4 b6 11. Rc1 Bd7 12. b3 Rc8 13. Nb2 Ne6 14. Nc4 f6 15. Bd2
Be8 16. Bc3 Bf7 17. Nh4 Qd7 18. Nf5 Ned4 19. Nxe7+ Qxe7 20. e3 Nb5 21. Bb2 Rfd8
22. a4 Nd6 23. Qe2 Nb4 24. Rcd1 Bg6 25. e4 Nc6 26. Bh3 Nxc4 27. dxc4 Rxd1 28.
Rxd1 Rd8 29. Rd5 Bf7 30. Rxd8+ Qxd8 31. f4 Nd4 32. Qd1 Qe7 33. Bg2 Bg6 34. Qd3
Bh5 35. Bxd4 cxd4 36. Bf1 Qb4 37. fxe5 fxe5 38. g4 Bg6 39. h4 Qe1 40. c5 Bxe4
41. Qc4+ Kf8 0-1

[Event "Montcalm 5 2022-23"]
[Site "Quebec CAN"]
[Date "2023.03.02"]
[Round "3"]
[White "Boissinot, Claude"]
[Black "Demushkina, Alina"]
[Result "0-1"]
[WhiteElo "1477"]
[BlackElo "1660"]
[PlyCount "86"]
[EventDate "2023.02.16"]
[EventType "swiss"]
[EventRounds "5"]
[EventCountry "CAN"]

1. e4 e5 2. Nf3 Nc6 3. Bc4 Nf6 4. d4 exd4 5. O-O Be7 6. Nxd4 O-O 7. Re1 d5 8.
exd5 Nxd5 9. Nc3 Nxc3 10. bxc3 Na5 11. Bd3 c5 12. Nf3 Bf6 13. Bd2 Bg4 14. Be2
Nc6 15. h3 Be6 16. Nh2 Ne5 17. f4 Nc4 18. Bxc4 Bxc4 19. Ng4 Bh4 20. Re3 Re8 21.
Rxe8+ Qxe8 22. Ne5 Be6 23. Nf3 Bf6 24. Qe1 Qa4 25. Qb1 b6 26. Ne1 Rd8 27. Nd3
c4 28. Nb2 Qa3 29. Be1 Bxc3 30. Bxc3 Qxc3 31. Qc1 Rd2 32. Nd1 Qxc2 33. Qxc2
Rxc2 34. Ne3 Re2 35. Rd1 Kf8 36. Nf1 Rxa2 37. Rc1 b5 38. Ne3 Re2 39. Nc2 Bd5
40. Ne1 a5 41. Kf1 Rd2 42. g3 a4 43. Ra1 c3 0-1

[Event "Montcalm 5 2022-23"]
[Site "Quebec CAN"]
[Date "2023.03.02"]
[Round "3"]
[White "Cournoyer, Dominic"]
[Black "Sarra-Bournet, Marc"]
[Result "0-1"]
[WhiteElo "1939"]
[BlackElo "1831"]
[PlyCount "64"]
[EventDate "2023.02.16"]
[EventType "swiss"]
[EventRounds "5"]
[EventCountry "CAN"]

1. c4 e5 2. Nc3 Nf6 3. Nf3 Nc6 4. g3 Bb4 5. Bg2 O-O 6. O-O d6 7. a3 Bxc3 8.
bxc3 Be6 9. d3 h6 10. Rb1 Rb8 11. Qa4 Bd7 12. Qc2 Qc8 13. Rd1 e4 14. Nd4 exd3
15. exd3 Nxd4 16. cxd4 b5 17. Be3 a5 18. Qc3 Qa6 19. d5 bxc4 20. dxc4 Bf5 21.
Rxb8 Rxb8 22. Bxh6 a4 23. Bf1 Rb3 24. Qa1 Qb6 25. Be3 Rxe3 26. fxe3 Qxe3+ 27.
Kh1 Be4+ 28. Bg2 Ng4 29. Bxe4 Qxe4+ 30. Kg1 Qe3+ 31. Kg2 Qe2+ 32. Kh3 Nf2+ 0-1

[Event "Montcalm 5 2022-23"]
[Site "Quebec CAN"]
[Date "2023.03.02"]
[Round "3"]
[White "Lapierre, Gaetan"]
[Black "Gagnon-Paradis, Ulysse"]
[Result "0-1"]
[WhiteElo "1824"]
[BlackElo "1617"]
[PlyCount "84"]
[EventDate "2023.02.16"]
[EventType "swiss"]
[EventRounds "5"]
[EventCountry "CAN"]

1. e4 c6 2. c4 d5 3. exd5 cxd5 4. cxd5 Nf6 5. Nc3 a6 6. Qb3 Nbd7 7. Nf3 Nc5 8.
Qc2 Nxd5 9. Nxd5 Qxd5 10. d4 Qe4+ 11. Qxe4 Nxe4 12. Ne5 Be6 13. Be3 f6 14. Bc4
Bxc4 15. Nxc4 Rc8 16. Nd2 Nxd2 17. Kxd2 e6 18. Rac1 Bb4+ 19. Kd3 Kd7 20. Bf4
Bd6 21. Bxd6 Kxd6 22. Rc3 Rcd8 23. Rhc1 Rd7 24. Rc8 Rxc8 25. Rxc8 Ke7 26. Ke3
Kd6 27. f4 Rc7 28. Rd8+ Ke7 29. Rh8 h6 30. Rg8 Kf7 31. Rb8 g5 32. h3 Rd7 33.
fxg5 hxg5 34. Rc8 Kg6 35. Rc5 Kh5 36. Rc8 Kg6 37. Rc5 Rd6 38. Ke4 Rc6 39. g4
Rxc5 40. dxc5 f5+ 41. Kf3 Kf6 42. b4 Ke5 0-1

[Event "Montcalm 5 2022-23"]
[Site "Quebec CAN"]
[Date "2023.03.02"]
[Round "3"]
[White "Lescarbeau, Martin"]
[Black "Berube, Antoine"]
[Result "0-1"]
[WhiteElo "1749"]
[BlackElo "2162"]
[PlyCount "72"]
[EventDate "2023.02.16"]
[EventType "swiss"]
[EventRounds "5"]
[EventCountry "CAN"]

1. d4 d5 2. c4 e6 3. Nf3 c6 4. e3 Bd6 5. Nc3 f5 6. Ne5 Nf6 7. f4 O-O 8. Be2 b6
9. O-O Bb7 10. b3 Qe7 11. Bb2 Nbd7 12. Rc1 Rac8 13. g4 g6 14. g5 Ne4 15. Nxe4
fxe4 16. Bg4 Bxe5 17. dxe5 Ba6 18. cxd5 cxd5 19. Rf2 Rxc1 20. Qxc1 Rc8 21. Rc2
Rxc2 22. Qxc2 Nc5 23. b4 Nd3 24. b5 Bb7 25. Be2 Qb4 26. Bxd3 exd3 27. Qc3 Qxb5
28. Qc7 Qc5 29. Qd8+ Qf8 30. Qd7 d2 31. Qxe6+ Qf7 32. Qg4 Qf5 33. Qd1 Qd3 34.
Kf2 Ba6 35. Qa4 Qe2+ 36. Kg3 Qxe3+ 0-1

[Event "Montcalm 5 2022-23"]
[Site "Quebec CAN"]
[Date "2023.03.02"]
[Round "3"]
[White "Mercure, Gilbert"]
[Black "Oliver, Vance"]
[Result "0-1"]
[WhiteElo "1840"]
[BlackElo "1585"]
[PlyCount "52"]
[EventDate "2023.02.16"]
[EventType "swiss"]
[EventRounds "5"]
[EventCountry "CAN"]

1. e4 g6 2. d4 Bg7 3. Nc3 d6 4. f4 a6 5. Bc4 Nf6 6. e5 Ng4 7. e6 f5 8. Nf3 h6
9. h3 Nf6 10. d5 c6 11. Nh4 Nh5 12. Nxf5 Bxc3+ 13. bxc3 Qa5 14. Qd4 Rh7 15. g4
cxd5 16. Bxd5 Nc6 17. Bxc6+ bxc6 18. Qc4 Qb5 19. Qe4 gxf5 20. gxf5 Ng3 21. Qg2
Rg7 22. a4 Qc5 23. Ra3 Nxf5 24. Qe4 Ng3 25. Qf3 Nxh1 26. Be3 Qxa3 0-1

[Event "Montcalm 5 2022-23"]
[Site "Quebec CAN"]
[Date "2023.03.02"]
[Round "3"]
[White "Perreault, Jacquelin"]
[Black "Fecteau, Martin"]
[Result "0-1"]
[WhiteElo "1774"]
[BlackElo "1912"]
[PlyCount "82"]
[EventDate "2023.02.16"]
[EventType "swiss"]
[EventRounds "5"]
[EventCountry "CAN"]

1. e4 c5 2. Nf3 Nc6 3. d4 cxd4 4. Nxd4 Nf6 5. Nc3 d6 6. Bg5 e6 7. Qd2 Be7 8.
O-O-O a6 9. f4 Qc7 10. Kb1 Na5 11. h3 b6 12. g4 Bb7 13. Bxf6 gxf6 14. Bd3 Nc4
15. Qe2 Rc8 16. Bxc4 Qxc4 17. Qxc4 Rxc4 18. Rhe1 b5 19. a3 h5 20. f5 Kd7 21.
Nb3 Rcc8 22. Rh1 hxg4 23. hxg4 Rxh1 24. Rxh1 Rg8 25. Rg1 Bd8 26. Kc1 Bb6 27.
Rg3 Ke7 28. Kd2 Rh8 29. g5 fxg5 30. Rxg5 Rh2+ 31. Kd3 Rh3+ 32. Ke2 Bxe4 33.
Nxe4 Re3+ 34. Kd2 Rxe4 35. fxe6 Kxe6 36. Rg8 Ra4 37. Rb8 Bg1 38. Rg8 Bh2 39.
Rh8 Be5 40. Rh6+ f6 41. c3 Bf4+ 0-1

[Event "Montcalm 5 2022-23"]
[Site "Quebec CAN"]
[Date "2023.03.02"]
[Round "3"]
[White "Plante, Rejean"]
[Black "Talbot, Raymond"]
[Result "1-0"]
[WhiteElo "1916"]
[BlackElo "1702"]
[PlyCount "57"]
[EventDate "2023.02.16"]
[EventType "swiss"]
[EventRounds "5"]
[EventCountry "CAN"]

1. d4 d5 2. c4 Nf6 3. cxd5 Nxd5 4. e4 Nb6 5. Nf3 Bg4 6. Be2 e6 7. Nc3 N8d7 8.
O-O c5 9. Bg5 Be7 10. Bxe7 Qxe7 11. d5 O-O 12. Re1 e5 13. h3 Bxf3 14. Bxf3 Nf6
15. Rc1 Nc4 16. Na4 b5 17. b3 bxa4 18. Rxc4 axb3 19. Qxb3 Rab8 20. Qc3 Nd7 21.
Qa5 Rfc8 22. Rec1 Rb7 23. Bg4 f5 24. Bxf5 Rcb8 25. Be6+ Kf8 26. Bxd7 Rxd7 27.
Rxc5 Rb2 28. Rc7 Qd8 29. Qxa7 1-0

[Event "Montcalm 5 2022-23"]
[Site "Quebec CAN"]
[Date "2023.03.02"]
[Round "3"]
[White "Roux, Michel"]
[Black "Brown, Zachary"]
[Result "1/2-1/2"]
[WhiteElo "1611"]
[BlackElo "1499"]
[PlyCount "62"]
[EventDate "2023.02.16"]
[EventType "swiss"]
[EventRounds "5"]
[EventCountry "CAN"]

1. d4 d5 2. Bf4 c5 3. e3 Nc6 4. Nf3 Bf5 5. c4 dxc4 6. Bxc4 e6 7. O-O Nf6 8. Nc3
Bd6 9. Bxd6 Qxd6 10. dxc5 Qxc5 11. Qb3 O-O 12. Qb5 Qe7 13. Rfd1 a6 14. Qb6 a5
15. Qb5 Ne4 16. Nxe4 Bxe4 17. Be2 Qb4 18. Qxb4 Nxb4 19. a3 Nc6 20. Rac1 Rfd8
21. Nd2 Bg6 22. f3 f6 23. Kf2 Rd7 24. Bc4 Kf7 25. Bb5 Rad8 26. Ke1 Rd6 27. Nc4
Rxd1+ 28. Rxd1 Rxd1+ 29. Kxd1 Na7 30. Bd7 Ke7 31. Nb6 Bd3 1/2-1/2

[Event "Montcalm 5 2022-23"]
[Site "Quebec CAN"]
[Date "2023.03.02"]
[Round "3"]
[White "Sauve, Richard"]
[Black "Dumont, Eric"]
[Result "1/2-1/2"]
[WhiteElo "1965"]
[BlackElo "1768"]
[PlyCount "113"]
[EventDate "2023.02.16"]
[EventType "swiss"]
[EventRounds "5"]
[EventCountry "CAN"]

1. d4 d5 2. c4 c6 3. Nc3 Nf6 4. Nf3 e6 5. e3 Be7 6. Bd3 Nbd7 7. e4 dxc4 8. Bxc4
O-O 9. O-O b6 10. Bf4 Bb7 11. Qe2 Ne8 12. Rfd1 Ndf6 13. Rac1 Nc7 14. a3 Rc8 15.
h3 Qe8 16. d5 exd5 17. Bxc7 dxc4 18. Bg3 b5 19. Qe3 c5 20. Nd5 Nxd5 21. exd5
Bf6 22. Qd2 Qe4 23. d6 Rcd8 24. Re1 Qc6 25. Rcd1 Rd7 26. Re2 Rfd8 27. Rde1 h6
28. Qc2 g6 29. h4 h5 30. Qd2 Kg7 31. Re3 Rxd6 32. Bxd6 Rxd6 33. Qe2 a5 34. Qc2
Qd5 35. R3e2 Qd3 36. Rd2 Qxc2 37. Rxc2 Bxf3 38. gxf3 Bxh4 39. a4 b4 40. Rxc4
Bf6 41. Rxc5 Bxb2 42. Rxa5 Rd3 43. Re3 Rd2 44. f4 Bd4 45. Rf3 Ra2 46. Rd5 Bc3
47. a5 Ra1+ 48. Kg2 Be1 49. f5 g5 50. f6+ Kg6 51. Rb5 b3 52. Rfxb3 Rxa5 53.
Rxa5 Bxa5 54. Rb5 Bc3 55. Kg3 Bxf6 56. Kf3 Bd4 57. Rd5 1/2-1/2

[Event "Montcalm 5 2022-23"]
[Site "Quebec CAN"]
[Date "2023.03.09"]
[Round "4"]
[White "Berube, Antoine"]
[Black "Fecteau, Martin"]
[Result "1-0"]
[WhiteElo "2162"]
[BlackElo "1912"]
[PlyCount "127"]
[EventDate "2023.02.16"]
[EventType "swiss"]
[EventRounds "5"]
[EventCountry "CAN"]

1. d4 d5 2. c4 e6 3. Nf3 c6 4. e3 f5 5. Bd3 Nf6 6. O-O Bd6 7. b3 O-O 8. Ba3 Qe7
9. Qc1 Bxa3 10. Qxa3 Qxa3 11. Nxa3 Ne4 12. b4 Nd7 13. Rfc1 Ndf6 14. Rab1 Bd7
15. Ne5 Rac8 16. Rb2 Nd6 17. Rbc2 a6 18. c5 Nf7 19. Nxf7 Kxf7 20. f4 Ne4 21.
Nb1 Kf6 22. Nd2 Nxd2 23. Rxd2 Be8 24. Kf2 Rc7 25. Rb2 g5 26. g3 g4 27. h3 gxh3
28. Be2 h5 29. Rh1 Rh7 30. Rxh3 Rfh8 31. Rh4 Ke7 32. a4 Kd8 33. Rb1 Kc7 34.
Rbh1 Bg6 35. Kg2 Kd7 36. R4h2 Kc7 37. Kf2 Kd7 38. b5 axb5 39. axb5 Kc7 40. b6+
Kd7 41. Rh4 Kc8 42. Kg2 Kd7 43. Ra1 Rb8 44. Rh2 Rbh8 45. Ra7 Rb8 46. Rh1 Kc8
47. Kh3 Rg7 48. Kh4 Be8 49. Rha1 Kd8 50. Ra8 Kc8 51. R1a7 Bf7 52. Bf3 Be8 53.
Bd1 Rg8 54. Be2 Rg7 55. Ba6 Rg4+ 56. Kh3 Rg7 57. Rxb7 Rgxb7 58. Ra7 Bf7 59. Kh4
Be8 60. Kg5 Bf7 61. Kf6 Bg8 62. Rxb7 Rxb7 63. Bxb7+ Kxb7 64. Kg7 1-0

[Event "Montcalm 5 2022-23"]
[Site "Quebec CAN"]
[Date "2023.03.09"]
[Round "4"]
[White "Demushkina, Alina"]
[Black "Sauve, Richard"]
[Result "1/2-1/2"]
[WhiteElo "1660"]
[BlackElo "1965"]
[PlyCount "148"]
[EventDate "2023.02.16"]
[EventType "swiss"]
[EventRounds "5"]
[EventCountry "CAN"]

1. e4 e6 2. d4 d5 3. exd5 exd5 4. Nf3 Bd6 5. h3 Nf6 6. Bd3 O-O 7. O-O Be6 8.
Nc3 c6 9. Ng5 Qd7 10. f4 Bf5 11. Bxf5 Qxf5 12. g4 Qd7 13. f5 Na6 14. Bf4 Bxf4
15. Rxf4 Rae8 16. Qd2 Qd6 17. Kg2 Re7 18. Rf2 Rfe8 19. Re2 Nc7 20. Rae1 Rxe2+
21. Rxe2 Rxe2+ 22. Nxe2 Qe7 23. Ng3 Nce8 24. Qe2 Qxe2+ 25. Nxe2 Nd6 26. Ng3 Nc4
27. b3 Ne3+ 28. Kf2 Nxc2 29. Ne2 h6 30. Nf3 Ne4+ 31. Kf1 Kf8 32. Ne1 Ne3+ 33.
Kg1 Ke7 34. Ng2 Nxg2 35. Kxg2 h5 36. Nf4 hxg4 37. hxg4 Nc3 38. a4 a5 39. Kf3 f6
40. Ke3 Ne4 41. Ke2 Nd6 42. Kd3 Ne4 43. Ke3 Ng5 44. Ke2 Kf7 45. Ke3 Ke7 46. Nh5
Kf7 47. Nf4 Kf8 48. Ng6+ Ke8 49. Nf4 Ne4 50. Nh5 Kf7 51. Nf4 Nd6 52. Kd3 Ne8
53. Kc3 Ke7 54. b4 axb4+ 55. Kxb4 b6 56. a5 bxa5+ 57. Kxa5 Kd7 58. Kb6 Kd6 59.
Nh5 c5 60. dxc5+ Ke5 61. c6 d4 62. Ng3 d3 63. Nf1 Kd6 64. Kb7 Nc7 65. Nd2 Nd5
66. Nb3 Ke5 67. c7 Nxc7 68. Kxc7 Kf4 69. Kd6 Kxg4 70. Ke6 Kf4 71. Nd2 Kg5 72.
Ne4+ Kh6 73. Kf7 Kh7 74. Nd2 Kh6 1/2-1/2

[Event "Montcalm 5 2022-23"]
[Site "Quebec CAN"]
[Date "2023.03.09"]
[Round "4"]
[White "Dumont, Eric"]
[Black "Lescarbeau, Martin"]
[Result "0-1"]
[WhiteElo "1768"]
[BlackElo "1749"]
[PlyCount "136"]
[EventDate "2023.02.16"]
[EventType "swiss"]
[EventRounds "5"]
[EventCountry "CAN"]

1. d4 d5 2. Bf4 c5 3. c3 cxd4 4. cxd4 Nc6 5. e3 f6 6. Bd3 g6 7. Nf3 Bg4 8. Qa4
Bxf3 9. gxf3 Bg7 10. Nc3 e5 11. Bg3 Nge7 12. O-O O-O 13. Rad1 exd4 14. exd4 f5
15. Nb5 f4 16. Bh4 a6 17. Nc3 b5 18. Qa3 b4 19. Qa4 bxc3 20. bxc3 Qc8 21. Bxe7
Nxe7 22. Qa5 Qh3 23. Qc7 Rf7 24. Rfe1 Qxf3 25. Be2 Qh3 26. Rd3 Qf5 27. Bf1 Qg4+
28. Kh1 Nf5 29. Qc6 Rd8 30. Re8+ Rxe8 31. Qxe8+ Bf8 32. Qe5 Bd6 33. Qxd5 Kg7
34. Rh3 Re7 35. Qg2 Qxg2+ 36. Kxg2 g5 37. Kf3 Nh6 38. Kg2 Nf5 39. Kf3 h6 40.
Bxa6 Ra7 41. Bc4 Rc7 42. Ke4 Ne7 43. Bb3 Kg6 44. Rd3 g4 45. c4 f3 46. h3 gxh3
47. Rxf3 h2 48. Rh3 Kg5 49. c5 Bf4 50. Bd1 Ng6 51. Rh5+ Kf6 52. Bf3 Re7+ 53.
Kd5 Ra7 54. Ke4 Rxa2 55. Rf5+ Ke6 56. d5+ Ke7 57. d6+ Ke6 58. Rh5 Rxf2 59. Bg4+
Kf7 60. Kd5 Bg5 61. Be6+ Kf6 62. Rxh2 Rxh2 63. Bd7 Ne5 64. Bb5 Rd2+ 65. Ke4 Rb2
66. Be8 Ke6 67. Kd4 Rb4+ 68. Kc3 Rc4+ 0-1